Fairchild v Glenhaven Funeral Services Ltd and others; Fox v Spousal (Midlands) Ltd; Matthews v Associated Portland Cement Manufacturers (1978) Ltd and another (Record no. 70883)
[ view plain ]
| 000 -LEADER | |
|---|---|
| fixed length control field | 02033cam a2200301 4500 |
| 001 - CONTROL NUMBER | |
| control field | ABS65719 |
| 008 - FIXED-LENGTH DATA ELEMENTS--GENERAL INFORMATION | |
| fixed length control field | 020802n2002 000 0 eng u |
| 035 ## - SYSTEM CONTROL NUMBER | |
| System control number | (Sirsi) u119159 |
| 245 ## - TITLE STATEMENT | |
| Title | Fairchild v Glenhaven Funeral Services Ltd and others; Fox v Spousal (Midlands) Ltd; Matthews v Associated Portland Cement Manufacturers (1978) Ltd and another |
| 260 ## - PUBLICATION, DISTRIBUTION, ETC. | |
| Date of publication, distribution, etc. | 2002 |
| 490 ## - SERIES STATEMENT | |
| Series statement | Weekly Law Reports |
| Volume/sequential designation | [2002] 3 WLR 89-171 (42) |
| 520 ## - SUMMARY, ETC. | |
| Summary, etc. | [2002] UKHL 22, 20 June 2002. Three appeals against CA decisions heard together related to employees who had developed mesothelioma caused by exposure at work to asbestos dust during periods of employment with more than one employer. In two cases the claims were dismissed as it was not deemed possible on the balance of probabilities to establish which defendant was responsible for the harmful exposure; in the third case liability was apportioned between the three defendants. "Held" appeals allowed. Where an employee had been exposed to asbestos by differing employers during differing periods of employment and the onset of disease could not be attributed medically to any particular or cumulative exposure, a modified approach to proof of causation was justified, the claimants proving on a balance of probabilities the necessary causal connection to establish the defendants' liability. View judgment at www.publications.parliament.uk/. |
| 590 ## - LOCAL NOTE (RLIN) | |
| Local note | ABS |
| 650 ## - SUBJECT ADDED ENTRY--TOPICAL TERM | |
| Topical term or geographic name entry element | FAIRCHILD V GLENHAVEN FUNERAL SERVICES LTD AND OTHERS |
| 650 ## - SUBJECT ADDED ENTRY--TOPICAL TERM | |
| Topical term or geographic name entry element | MANAGEMENT-HEALTH AND SAFETY-HAZARDOUS SUBSTANCES-ASBESTOS |
| 650 ## - SUBJECT ADDED ENTRY--TOPICAL TERM | |
| Topical term or geographic name entry element | ASBESTOSIS |
| 650 ## - SUBJECT ADDED ENTRY--TOPICAL TERM | |
| Topical term or geographic name entry element | NEGLIGENCE |
| 650 ## - SUBJECT ADDED ENTRY--TOPICAL TERM | |
| Topical term or geographic name entry element | CAUSATION |
| 650 ## - SUBJECT ADDED ENTRY--TOPICAL TERM | |
| Topical term or geographic name entry element | BREACH OF DUTY |
| 650 ## - SUBJECT ADDED ENTRY--TOPICAL TERM | |
| Topical term or geographic name entry element | PERSONAL INJURY |
| 650 ## - SUBJECT ADDED ENTRY--TOPICAL TERM | |
| Topical term or geographic name entry element | BUT FOR TEST |
| 650 ## - SUBJECT ADDED ENTRY--TOPICAL TERM | |
| Topical term or geographic name entry element | MESOTHELIOMA |
| 650 ## - SUBJECT ADDED ENTRY--TOPICAL TERM | |
| Topical term or geographic name entry element | MCGHEE V NATIONAL COAL BOARD |
| 650 ## - SUBJECT ADDED ENTRY--TOPICAL TERM | |
| Topical term or geographic name entry element | WILSHER V ESSEX HEALTH AUTHORITY |
| 690 ## - LOCAL SUBJECT ADDED ENTRY--TOPICAL TERM (OCLC, RLIN) | |
| Topical term or geographic name as entry element | HEALTH AND SAFETY |
| 9 (RLIN) | 6244 |
| 856 ## - ELECTRONIC LOCATION AND ACCESS | |
| Uniform Resource Identifier | <a href="https://www.publications.parliament.uk/pa/ld200102/ldjudgmt/jd020620/fchild-1.htm">https://www.publications.parliament.uk/pa/ld200102/ldjudgmt/jd020620/fchild-1.htm</a> |
| Public note | View judgment on the HL website... |
| 942 ## - ADDED ENTRY ELEMENTS (KOHA) | |
| Suppress in OPAC | 0 |
| Withdrawn status | Lost status | Source of classification or shelving scheme | Damaged status | Not for loan | Home library | Current library | Shelving location | Date acquired | Total Checkouts | Full call number | Barcode | Date last seen | Copy number | Price effective from | Koha item type |
|---|---|---|---|---|---|---|---|---|---|---|---|---|---|---|---|
| Dewey Decimal Classification | London | London | Journal article | 02/08/2002 | ABS65719 | 119159-1001 | 06/08/2019 | 1 | 06/08/2019 | Law report |